Cyber conflict : (Record no. 15994)

000 -LEADER
fixed length control field 02571nam a2200241 a 4500
001 - CONTROL NUMBER
control field ASIN1848213506
005 - DATE AND TIME OF LATEST TRANSACTION
control field 20170105102929.0
008 - FIXED-LENGTH DATA ELEMENTS--GENERAL INFORMATION
fixed length control field 140115s2012 xxu eng d
020 ## - INTERNATIONAL STANDARD BOOK NUMBER
International Standard Book Number 1848213506 (hardcover)
Terms of availability $145.00
020 ## - INTERNATIONAL STANDARD BOOK NUMBER
International Standard Book Number 9781848213500 (hardcover)
040 ## - CATALOGING SOURCE
Original cataloging agency 0
082 ## - DEWEY DECIMAL CLASSIFICATION NUMBER
Classification number 363.325
Author Mark CYB 2012
100 1# - MAIN ENTRY--PERSONAL NAME
Personal name Ventre, Daniel.
245 00 - TITLE STATEMENT
Title Cyber conflict :
Remainder of title competing national perspectives /
Statement of responsibility, etc. Daniel Ventre.
250 ## - EDITION STATEMENT
Edition statement 1st ed.
260 ## - PUBLICATION, DISTRIBUTION, ETC.
Place of publication, distribution, etc. [S.l.] :
Name of publisher, distributor, etc. Wiley-ISTE,
Date of publication, distribution, etc. 2012.
300 ## - PHYSICAL DESCRIPTION
Extent 352 p. ;
Dimensions 24 cm.
490 1# - SERIES STATEMENT
Series statement Iste.
520 ## - SUMMARY, ETC.
Summary, etc. Today, cyber security, cyber defense, information warfare and cyber warfare issues are among the most relevant topics both at the national and international level. All the major states of the world are facing cyber threats and trying to understand how cyberspace could be used to increase power. Through an empirical, conceptual and theoretical approach, Cyber Conflict has been written by researchers and experts in the fields of cyber security, cyber defense and information warfare. It aims to analyze the processes of information warfare and cyber warfare through historical, operational and strategic perspectives of cyber attack. It is original in its delivery because of its multidisciplinary approach within an international framework, with studies dedicated to different states – Canada, Cuba, France, Greece, Italy, Japan, Singapore, Slovenia and South Africa – describing the state’s application of information warfare principles both in terms of global development and “local” usage and examples. Contents 1. Canada’s Cyber Security Policy: a Tortuous Path Toward a Cyber Security Strategy, Hugo Loiseau and Lina Lemay. 2. Cuba: Towards an Active Cyber-defense, Daniel Ventre. 3. French Perspectives on Cyber-conflict, Daniel Ventre. 4. Digital Sparta: Information Operations and Cyber-warfare in Greece, Joseph Fitsanakis. 5. Moving Toward an Italian Cyber Defense and Security Strategy, Stefania Ducci. 6. Cyberspace in Japan’s New Defense Strategy, Daniel Ventre. 7. Singapore’s Encounter with Information Warfare: Filtering Electronic Globalization and Military Enhancements, Alan Chong. 8. A Slovenian Perspective on Cyber Warfare, Gorazd Praprotnik, Iztok Podbregar, Igor Bernik and Bojan Ticar. 9. A South African Perspective on Information Warfare and Cyber Warfare, Brett van Niekerk and Manoj Maharaj. 10. Conclusion, Daniel Ventre.
830 #0 - SERIES ADDED ENTRY--UNIFORM TITLE
Uniform title Iste.
856 40 - ELECTRONIC LOCATION AND ACCESS
Materials specified Amazon.com
Uniform Resource Identifier <a href="http://www.amazon.com/exec/obidos/ASIN/1848213506/chopaconline-20">http://www.amazon.com/exec/obidos/ASIN/1848213506/chopaconline-20</a>
942 ## - ADDED ENTRY ELEMENTS (KOHA)
Source of classification or shelving scheme
Koha item type Book
Holdings
Withdrawn status Lost status Damaged status Not for loan Collection code Permanent Location Current Location Shelving location Date acquired Total Checkouts Full call number Barcode Date last seen Price effective from Koha item type
          Centre for International Peace & Stability (CIPS) Centre for International Peace & Stability (CIPS) General Stacks 11/21/2013   363.325 CYB 2012 CIPS0002473 01/15/2014 01/05/2017 Book
© 2023 Central Library, National University of Sciences and Technology. All Rights Reserved.